000
00373nam a22001697a 4500
003
MPLRDC
005
20220104124601.0
008
210129b ||||| |||| 00| 0 eng d
082
_a
859.6 WF-2
100
_a
文峰编
245
_a
刘三妹
_c
250
_a
一版一刷
260
_a
_b
胜友书局
_c
1979
300
_b
平
650
_a
942
_c
BK
_o
859.6 WF-2
999
_c
20509
_d
20499